LOGANTURNERS DISEASES OF THE NOSE THROAT AND EAR HEAD AND NECK SURGERY (Record no. 14359)

MARC details
000 -LEADER
fixed length control field 00309nam a22001217a 4500
003 - CONTROL NUMBER IDENTIFIER
control field SGT
082 ## - DEWEY DECIMAL CLASSIFICATION NUMBER
Classification number 617.51
Item number L16H
100 ## - MAIN ENTRY--PERSONAL NAME
Personal name HUSSAIN, S MUSHEER
245 ## - TITLE STATEMENT
Title LOGANTURNERS DISEASES OF THE NOSE THROAT AND EAR HEAD AND NECK SURGERY
260 ## - PUBLICATION, DISTRIBUTION, ETC. (IMPRINT)
Place of publication, distribution, etc LONDON
Name of publisher, distributor, etc CRC PRESS
Year of Publication 2016
300 ## - PAGE DESCRIPTION
No. of Pages 731
942 ## - ADDED ENTRY ELEMENTS (KOHA)
Source of classification or shelving scheme Dewey Decimal Classification
Koha item type Books
942 ## - ADDED ENTRY ELEMENTS (KOHA)
-- 3
Holdings
Withdrawn status Lost status Source of classification or shelving scheme Damaged status Not for loan Collection code Home library Current library Shelving location Date acquired Vendor Name Cost, normal purchase price SGTU Bill Number Total Checkouts Full call number Accession No. (Barcode) Date last seen Bill Date Koha item type Date last borrowed
    Dewey Decimal Classification     MEDICAL SGT Medical Library SGT Medical Library Reference Book 29/12/2017 ABC DELHI 1595.00 SGTU 8707   617.51 L16H FM9299 29/12/2017 08/08/2017 Books  
    Dewey Decimal Classification     MEDICAL SGT Medical Library SGT Medical Library Reference Book 29/12/2017 ABC DELHI 1595.00 SGTU 8707 3 617.51 L16H FM9300 18/09/2023 08/08/2017 Books 01/09/2023